| 000 | 00831nam a2200217Ia 4500 | ||
|---|---|---|---|
| 001 | 14702 | ||
| 003 | GE_BSU | ||
| 008 | 181216s||||||||xx |||||||||||||| ||und|| | ||
| 040 | _cGE_BSU | ||
| 080 | _a665.63:66(035.5) | ||
| 100 | _aСевастьянов,М.И. | ||
| 245 | _aТехнологические трубопроводы нефтеперерабатывающих и нефтехимических заводов. | ||
| 245 | _bСправочная книга. | ||
| 245 | _cПод ред. Берлина. Ред. И.В.Леведева. | ||
| 260 | _aМ. | ||
| 260 | _bХимия. | ||
| 260 | _c1972. | ||
| 300 | _a312 стр. 22 см. | ||
| 653 | _aТехнологические трубопроводы нефтеперерабатывающих и нефтехимических заводов. | ||
| 942 | _cBK | ||
| 999 |
_c47828 _d47828 |
||